00685nam a2200241 a 4500001001300000003000900013005001700022008004100039020002600080082001600106100001100122245005400133260003900187300000900226500003500235505001000270650002300280700001100303902000800314942000700322952009700329999001700426nice12345678IN_TiNIC20260116013622.0050524s1994 grea grp 000 0 eng  a1852309 c665.2600a181.07bOSH aOsho,  aJourney to the Heartb Discourses on the Sufi Way aGreat BritainbElement Booksc1994 a258p aincludes index and biblioraphy2 aIndex aPhilosophy-Islamic1 aOsho,  bSRC cBK 00114070aHMIbHMId2008-09-18g665.26l0o181.07 OSHp015796r2008-09-18w2026-01-16yBK c11679d11679